000 01091nam a2200289 i 4500
001 11937
003 ES-MaACL
005 20230906150215.0
007 t|
008 970113s1995 sp ah b |||| | spa d
020 _a84-7895-045-1
080 _a016:398.9
100 1 _aGarcía Moreno, Melchor.
_955001
245 1 0 _aCatálogo paremiológico /
_cMelchor García Moreno ; introducción de Francisco Calero.
260 _aMadrid :
_bOllero & Ramos :
_bBiblioteca Histórica del Ayuntamiento de Madrid,
_c1995.
300 _a1 v. (pag. var.) :
_bil. ;
_c24 cm.
534 _pReprod. facs. de la ed. de:
_cMadrid : [s.n.], 1918.
534 _pIncluye reprod. facs. de.
_tApéndice al catálogo paremiológico,
_cMadrid : [s.n.], 1948.
650 1 4 _aRefranes y proverbios-
_vBibliografías.
_9142330
655 7 _2tgfbne
_9226495
_aFacsímiles
700 1 _aCalero, Francisco.
_933652
710 2 _aBiblioteca Histórica Municipal de Madrid.
_92178
740 0 _aApéndice al catálogo paremiológico.
852 _aES-MaACL
_jG-23
942 _2udc
999 _c11937
_d11937